| 000 | 00561nam a2200193 a 4500 | ||
|---|---|---|---|
| 001 | 000006212 | ||
| 005 | 20200929153913.0 | ||
| 008 | 000501s1970 mx a 001 0 spa | ||
| 020 | _a848857861X | ||
| 040 |
_aDO-SdBNP _bspa _cBNPHU |
||
| 082 |
_a841.912 _bA888d, 1970. |
||
| 100 | 1 |
_aAub, Max, _d1903-1972. _913819 |
|
| 245 | 1 | 0 |
_aDiario de Djelfa / _cMax Aub. |
| 250 | _a2a ed. | ||
| 260 |
_aMéxico : _bJoaquín Mortiz, _c1970. |
||
| 300 |
_a108 p. : _bil. ; _c19 cm. |
||
| 490 | 1 | _aObras Incompletas de Max Aub | |
| 830 | 0 |
_aObras Incompletas de Max Aub. _917376 |
|
| 999 |
_c6007 _d6007 |
||